书目信息 |
| 题名: |
世界名枪全鉴
|
|
| 作者: | 吕昊 编著 | |
| 分册: | 手枪 | |
| 出版信息: | 北京 机械工业出版社 2015 |
|
| 页数: | 174页 | |
| 开本: | 26cm | |
| 丛书名: | ||
| 单 册: | ||
| 中图分类: | E922.1 , E922.11 | |
| 科图分类: | ||
| 主题词: | 枪械--qiang xie--介绍--世界 , 手枪--shou qiang--介绍--世界 | |
| 电子资源: | ||
| ISBN: | 978-7-111-50625-6 | |
| 000 | 00889nam0 22002651 450 | |
| 001 | 0122100822 | |
| 005 | 20170322100822.0 | |
| 010 | @a978-7-111-50625-6@dCNY49.80 | |
| 100 | @a20150925d2015 em y0chiy50 ea | |
| 101 | 0 | @achi |
| 102 | @aCN@b110000 | |
| 105 | @aa z 000yy | |
| 106 | @ar | |
| 200 | 1 | @a世界名枪全鉴@9shi jie ming qiang quan jian@i手枪@e珍藏版@f吕昊等编著 |
| 205 | @a2版 | |
| 210 | @a北京@c机械工业出版社@d2015 | |
| 215 | @a174页@c图@d26cm | |
| 330 | @a本书按不同型号介绍了在世界上有一定影响力的手枪产品,包括第一次世界大战及第二次世界大战时期的经典手枪和当今最先进、性能最优的手枪系列,这一部分内容也是书中最大的亮点。 | |
| 606 | 0 | @a枪械@9qiang xie@x介绍@y世界 |
| 606 | 0 | @a手枪@9shou qiang@x介绍@y世界 |
| 690 | @aE922.1@v5 | |
| 690 | @aE922.11@v5 | |
| 701 | 0 | @a吕昊@9lv hao@4编著 |
| 801 | 0 | @aCN@bTANGWEI@c20170308 |
| 905 | @b0959946-9@dE922.1@e38@f4 | |
| 世界名枪全鉴.手枪:珍藏版/吕昊等编著.-2版.-北京:机械工业出版社,2015 |
| 174页:图;26cm |
| ISBN 978-7-111-50625-6:CNY49.80 |
| 本书按不同型号介绍了在世界上有一定影响力的手枪产品,包括第一次世界大战及第二次世界大战时期的经典手枪和当今最先进、性能最优的手枪系列,这一部分内容也是书中最大的亮点。 |
| ● |
| 相关链接 |
|
|
|
|
正题名:世界名枪全鉴
索取号:E922.1/38
 
预约/预借
| 序号 | 登录号 | 条形码 | 馆藏地/架位号 | 状态 | 备注 |
| 1 | 0959946 | 209599460 | 第一样本阅览室/ [索取号:E922.1/38] | 在馆 | |
| 2 | 0959947 | 209599479 | 第一借阅区/ [索取号:E922.1/38] | 在馆 | |
| 3 | 0959948 | 209599488 | 第一借阅区/ [索取号:E922.1/38] | 在馆 | |
| 4 | 0959949 | 209599497 | 第一借阅区/ [索取号:E922.1/38] | 在馆 |